00690 2200253 4500001002100000005001700021008004100038020001800079035002400097082001200121090001900133100001900152245007500171250001000246260003100256300002500287500002500312650003600337700001200373850001500385980001500400985000600415999001500421YOGYA-0209000001782620090227022813.0 ind  a979-8955-29-3 0010-020900000017826 a629.287 a629.287bPar M aPERMANA, Darnu aMerawat dan memperbaiki mobil dieselcDanu Permana; Penyunting Mulyono aCet.2 aJakartabPuspa Swarac2000 a114 hlmbilusc21 cm aBibliografi: hlm.114 aMobil - Perawatan dan perbaikan aMulyono aYOPDYOG(B) a15-02-2006 a1 a00P0003976